000 00274nam a2200121Ia 4500
008 190216s9999||||xx |||||||||||||| ||und||
100 _aParvathi Ammal
245 0 _aChilappathikaram
260 _bD C Books Kerala
_c1986
300 _a478
650 _aKavitha
942 _cBK
999 _c26301
_d26301